| 000 | 00910nam a2200253 i 4500 | ||
|---|---|---|---|
| 001 | 000025024 | ||
| 003 | DO-SdBNP | ||
| 005 | 20250910101021.0 | ||
| 007 | ta | ||
| 008 | 110209s2008 dr abc 000 0 spa d | ||
| 040 |
_aDO-SdBNP _bspa _cBNPHU _erda |
||
| 041 | _aspa | ||
| 082 | 4 |
_a234.657293 _bR426r _222 |
|
| 110 | 1 |
_aRepública Dominicana. _bJunta Central Electoral _964605 |
|
| 245 | 1 | 0 |
_aResultados electorales 2008 : _belecciones ordinarias generales presidenciales del 16 de mayo del 2008. |
| 264 |
_aSanto Domingo : _bJunta Central Electoral, _c2008. |
||
| 300 |
_a173 páginas : _bilustraciones, mapas, retratos ; _c23 cm. |
||
| 336 |
_atexto _btxt _2rdacontent |
||
| 337 |
_asin mediación _bn _2rdamedia |
||
| 338 |
_avolumen _bnc _2rdacarrier |
||
| 650 | 4 |
_aPresidentes _zRepública Dominicana _xElección _y2008 _951355 |
|
| 651 | 4 |
_aRepública Dominicana _xElecciones _951354 |
|
| 942 |
_2ddc _cLBS1 |
||
| 999 |
_c24517 _d24517 |
||